[Event "Muensterland Verbandsklasse-B 1011"]
[Site "Germany"]
[Date "2010.12.11"]
[Round "4.8"]
[White "Miemietz, Carsten"]
[Black "Enck, Marius"]
[Result "1/2-1/2"]
[WhiteElo "1744"]
[BlackElo "1602"]
[PlyCount "73"]
[EventDate "2010.09.18"]
[EventType "team-tourn"]
[EventRounds "9"]
[EventCountry "GER"]
[SourceTitle "EXT 2012"]
[Source "ChessBase"]
[SourceDate "2011.11.24"]
[SourceVersion "1"]
[SourceVersionDate "2011.11.24"]
[SourceQuality "1"]
[WhiteTeam "Muenster SK IV"]
[BlackTeam "Heiden II"]
[WhiteTeamCountry "GER"]
[BlackTeamCountry "GER"]

1. c4 Nf6 2. Nc3 e6 3. d4 Bb4 4. Qc2 c5 5. e3 d5 6. a3 cxd4 7. exd4 Bxc3+ 8. bxc3 Qc7 9. Nf3 0-0 10. cxd5 exd5 11. Bd3 Re8+ 12. Be3 Ne4 13. Rc1 Nc6 14. 0-0 Bg4 15. Ne1 Nf6 16. Bg5 h6 17. Bxf6 gxf6 18. h3 Be6 19. Nf3 Qf4 20. Qd2 Qxd2 21. Nxd2 Rac8 22. Rfe1 f5 23. Rb1 Re7 24. Nf3 Kg7 25. Re2 Rec7 26. Nh4 Ne7 27. Re5 Kf6 28. Re3 Rxc3 29. Rxb7 Rxa3 30. Bb5 Ra1+ 31. Kh2 Nc6 32. Nf3 a6 33. Bxc6 Rxc6 34. Re2 a5 35. Ra7 Rc3 36. Rb2 Rd3 37. Rb5 1/2-1/2